00357nam a2200133 a 4500008004100000020001500041050001700056100001900073245005500092250001200147260003100159350000900190650002400199120416s1999 ||||||||||||||||| || u a0521655773 aQA 321.5 Bol aBollobas, Bela10aLinear analysis: an introductory course. (2nd ed.) a2nd ed. aCambridgebCambridgec1999 a0.00 aFUNCTIONAL ANALYSIS